| 000 | 00864nam a2200241Ia 4500 | ||
|---|---|---|---|
| 003 | GCL | ||
| 008 | 140319s9999 xx 000 0 ara d | ||
| 020 | _a6194509935 | ||
| 040 |
_aGCL / _cGCL |
||
| 082 | 0 | 4 |
_a341.2422 _bح ا |
| 100 | 1 | _aحسن نافعة | |
| 245 | 1 | 0 |
_aالاتحاد الاوربى والدروس المستفادة عربيآ / _cحسن نافعة |
| 260 |
_aبيروت : _bمركز دراسات الوحدة العربية ، _c2004 |
||
| 300 |
_a626 ص ؛ _c24سم |
||
| 650 | 0 | 4 | _aالتعاون الدولى |
| 650 | 0 | 4 | _aالوحدة العربية |
| 650 | 0 | 4 | _aالبلدان العربية |
| 650 | 0 | 4 | _aالاتحاد الاوروبى |
| 650 | 0 | 4 | _aالاتحاد الاوروبى - السياسة الخارجية |
| 650 | 0 | 4 | _aالتعاون الاوربى |
| 650 | 0 | 4 | _aالتعاون الافريقى |
| 942 |
_2ddc _cBK |
||
| 999 |
_c6799 _d6799 |
||